| 000 | 00475nam a2200181Ia 4500 | ||
|---|---|---|---|
| 001 | 7887 | ||
| 005 | 20260306160528.0 | ||
| 008 | 260306t2005||||xx |||||||||||||| ||spa|| | ||
| 041 | _aESP | ||
| 082 |
_a363.61 _bC265 |
||
| 100 |
_aConsorcio de Investigación Económica y Social _eAUT |
||
| 245 | 0 |
_aConstruyendo ciudadanía: _bel derecho humano al agua |
|
| 260 | _c2005 | ||
| 300 |
_a260 páginas : _c21cm. |
||
| 650 | _aGEN | ||
| 654 | _aCIA | ||
| 942 |
_cLIB _dJUS _fJUS _2ddc _n |
||
| 999 |
_c7887 _d7887 |
||